000
00290nam a2200109Ia 4500
001
588802
005
20250717120838.0
008
250717s9999 xx 000 0 und d
245
0
_a
V-14 ŞEFİK KİM KORKAR OKULDAN
_c
M.SALİH SIRMAÇEKİÇ
260
_b
TİMAŞ YAYINLARI
_c
2016
300
_b
91
999
_c
588802
_d
588802